FIFA World Cup 1990 Players II - Statistics

General Stats
  • This quiz has been taken 10 times
  • The average score is 104 of 413
Answer Stats
Hint Answer % Correct
Brazil, 4/2 Antonio de Oliveira Filho "CARECA"
100%
Argentina, 7 Diego Maradona
100%
Belgium, 4/1 Enzo Scifo
100%
England, 7/4 Gary Lineker
100%
South Korea, 2 Gu Sang?Bum
100%
Netherlands, 4 Marco van Basten
100%
Cameroon, 0(5)/4 Roger Miller "MILLA"
100%
Netherlands, 4/1 Ruud Gullit
100%
Italy, 7 Walter Zenga
100%
West Germany, 0(2) Andreas Möller
88%
England, 6(1) Chris Waddle
88%
Argentina, 5(1)/2 Claudio Caniggia
88%
Spain, 4 Emilio BUTRAGUENO
88%
Netherlands, 1 Erwin Koeman
88%
Italy, 7 Franco Baresi
88%
Netherlands, 4 Frank Rijkaard
88%
Romania, 3 Gheorghe Hagi
88%
Netherlands, 4 Hans van Breukelen
88%
Brazil, 0(1) Jose Roberto Gama de Oliveira "BEBETO"
88%
West Germany, 7/3 Jürgen Klinsmann
88%
West Germany, 4 Jürgen Kohler
88%
West Germany, 7/4 Lothar Matthäus
88%
England, 6/1 Mark Wright
88%
Argentina, 2 Nery Pumpido
88%
Italy, 7 Paolo Maldini
88%
England, 3(2) Peter Beardsley
88%
England, 7 Peter Shilton
88%
Italy, 4(1)/2 Roberto Baggio
88%
Italy, 5 Roberto Donadoni
88%
Brazil, 1 ROMARIO de Souza Faria
88%
Netherlands, 4/1 Ronald Koeman
88%
West Germany, 6/3 Rudi Völler
88%
Italy, 5(2)/6 Salvatore Schillaci
88%
Colombia, 4 Andres Escobar
75%
Netherlands, 1 Aron Winter
75%
West Germany, 7 Bodo Illgner
75%
Brazil, 4 Carlos Caetano Bledorn Verri "DUNGA"
75%
Colombia, 4/1 Carlos Valderrama
75%
Brazil, 4 Claudio Andre Mergen TAFFAREL
75%
England, 3(3)/3 David Platt
75%
Italy, 3 Gianluca Vialli
75%
Italy, 7 Giuseppe Bergomi
75%
Belgium, 3(1)/1 Jan Ceulemans
75%
England, 5 John Barnes
75%
Argentina, 7/1 Jorge Burruchaga
75%
Belgium, 4 Michel Preud'homme
75%
England, 6 Paul Gascoigne
75%
Eire, 5 Paul McGrath
75%
West Germany, 3(3)/1 Pierre Littbarski
75%
England, 6 Stuart Pearce
75%
Sweden, 3/1 Thomas Brolin
75%
West Germany, 5 Thomas Hässler
75%
Netherlands, 4 Adri van Tiggelen
63%
Spain, 4 Andoni ZUBIZARRETA
63%
West Germany, 6/3 Andreas Brehme
63%
Austria, 3 Andreas Herzog
63%
Netherlands, 4 Barry van Aerle
63%
Brazil, 4 Claudio Ibrahim Vaz Leal "BRANCO"
63%
Uruguay, 4 Enzo Francescoli
63%
Belgium, 3 Eric Gerets
63%
Romania, 4 Gheorghe Popescu
63%
West Germany, 7 Guido Buchwald
63%
Netherlands, 4 Jan Wouters
63%
Eire, 5 John Aldridge
63%
West Germany, 1(3) Karlheinz Riedle
63%
Brazil, 3(1)/2 Luis Antonio Correa da Costa "MÜLLER"
63%
Spain, 4/4 Miguel Gonzalez "MICHEL"
63%
Belgium, 1 Philippe Albert
63%
West Germany, 4(2) Stefan Reuter
63%
West Germany, 7 Thomas Berthold
63%
Argentina, 1 Abel Balbo
50%
Scotland, 3 Alex McLeish
50%
Scotland, 1(2) Ally McCoist
50%
England, 2 Bryan Robson
50%
Italy, 1 Ciro Ferrara
50%
Yugoslavia, 2(1)/2 Darko Pancev
50%
Yugoslavia, 5/2 Dragan Stojkovic
50%
Belgium, 4 Franky Van der Elst
50%
England, 2 Gary Stevens
50%
West Germany, 7 Klaus Augenthaler
50%
South Korea, 1 Lee Heung?Sil
50%
South Korea, 0(1) Lee Tae?Ho
50%
South Korea, 1 Lee Yung?Jin
50%
Spain, 4 Manuel SANCHIS
50%
Argentina, 5 Oscar Ruggeri
50%
Scotland, 1 Richard Gough
50%
Argentina, 2 Roberto Sensini
50%
Eire, 0(1) Ronnie Whelan
50%
Argentina, 3(1) Sergio Batista
50%
England, 5 Terry Butcher
50%
Cameroon, 5 Thomas N'Kono
50%
Austria, 3 Toni Polster
50%
Eire, 2(3) Tony Cascarino
50%
England, 1(2) Trevor Steven
50%
Italy, 0(3)/1 Aldo Serena
38%
England, 7 Des Walker
38%
United States, 1(1) Eric Wynalda
38%
Italy, 6 Fernando De Napoli
38%
Spain, 0(1) FERNANDO Gomez
38%
Romania, 3 Florin Raducioiu
38%
Colombia, 4 Gabriel Gomez
38%
Colombia, 4 Gilardo Gomez
38%
Italy, 7/1 Giuseppe Giannini
38%
Argentina, 1(2) Gustavo Dezotti
38%
Romania, 0(2) Ilie Dumitrescu
38%
Scotland, 3 Jim Leighton
38%
Brazil, 4 Jorge de Amorim Campos "JORGINHO"
38%
Spain, 0(1) Jose Maria BAKERO
38%
Argentina, 5 Julio Olarticoechea
38%
Spain, 3/1 JULIO SALINAS
38%
Belgium, 3/1 Leo Clijsters
38%
Romania, 3/2 Marius Lacatus
38%
Czechoslovakia, 5 Miroslav Kadlec
38%
Scotland, 3/1 Mo Johnston
38%
Eire, 3(1)/1 Niall Quinn
38%
Belgium, 0(1) Nico Claesen
38%
West Germany, 1(1) Olaf Thon
38%
South Korea, 3 Park Kyung?Hoon
38%
Eire, 5 Pat Bonner
38%
Scotland, 2(1) Paul McStay
38%
England, 6 Paul Parker
38%
Sweden, 3 Peter Larsson
38%
Italy, 1(2) Pietro Vierchowod
38%
Eire, 5 Ray Houghton
38%
Colombia, 4 Rene Higuita
38%
Brazil, 3 Ricardo Rogerio de Brito "ALEMAO"
38%
Soviet Union, 1 Rinat Dasayev
38%
Costa Rica, 3 Roger Gomez
38%
Eire, 5 Steve Staunton
38%
Sweden, 3 Thomas Ravelli
38%
Czechoslovakia, 5/5 Tomas Skuhravy
38%
West Germany, 4/1 Uwe Bein
38%
Netherlands, 1(3)/1 Wim Kieft
38%
Scotland, 1 Alan McInally
25%
Italy, 2 Andrea Carnevale
25%
Austria, 2(1)/1 Andreas Ogris
25%
Cameroon, 3 Andre Kana?Biyik
25%
Eire, 5 Andy Townsend
25%
Italy, 2(1) Carlo Ancelotti
25%
Uruguay, 1(1)/1 Daniel Fonseca
25%
Eire, 0(1) David O'Leary
25%
Yugoslavia, 1(2) Dejan Savicevic
25%
Cameroon, 4/1 Emmanuel Kunde
25%
Cameroon, 0(1)/1 Eugene Ekeke
25%
Cameroon, 5/1 Francois Omam?Biyik
25%
Colombia, 4/1 Freddy Rincon
25%
Scotland, 0(1) Gary Gillespie
25%
Austria, 2/1 Gerhard Rodax
25%
Netherlands, 2(1) Hans Gillhaus
25%
West Germany, 1 Hans Pflügler
25%
South Korea, 3 Hong Myung?Bo
25%
Egypt, 3 Hossam Hassan
25%
Uruguay, 4 Hugo De Leon
25%
Romania, 3 Ionut Lupescu
25%
Czechoslovakia, 5 Jan Stejskal
25%
Sweden, 1(1)/1 Johnny Ekström
25%
Netherlands, 2 John van't Schip
25%
Sweden, 2 Jonas Thern
25%
Costa Rica, 4/1 Juan Cayasso
25%
Eire, 5 Kevin Moran
25%
Eire, 5/1 Kevin Sheedy
25%
South Korea, 3 Kim Joo?Sung
25%
Sweden, 3 Klas Ingesson
25%
Austria, 3 Klaus Lindenberger
25%
Austria, 2 Kurt Russ
25%
Belgium, 4/1 Marc Degryse
25%
Belgium, 1(1) Marc Van der Linden
25%
Eire, 5 Mick McCarthy
25%
Italy, 3(1) Nicola Berti
25%
Soviet Union, 3/1 Oleg Protasov
25%
United States, 3/1 Paul Caligiuri
25%
Spain, 4 Rafael MARTIN VAZQUEZ
25%
Argentina, 3(1) Ricardo Giusti
25%
Brazil, 4 RICARDO GOMES Raymundo
25%
Scotland, 1(1) Robbie Fleck
25%
Spain, 4 ROBERTO Fernandez
25%
Yugoslavia, 1(2)/1 Robert Prosinecki
25%
Scotland, 3 Roy Aitken
25%
Colombia, 0(1) Ruben Dario Hernandez
25%
Argentina, 5(1) Sergio Goycoechea
25%
Uruguay, 1 Sergio Martinez
25%
England, 1(3) Steve Bull
25%
England, 3(1) Steve McMahon
25%
Scotland, 3/1 Stuart McCall
25%
England, 1 Tony Dorigo
25%
Egypt, 3 Ahmed Ramzy
13%
Egypt, 3 Ahmed Shobair
13%
Soviet Union, 2(1)/1 Aleksandr Zavarov
13%
Soviet Union, 1 Anatoliy Demyanenko
13%
Austria, 0(1) Andreas Reisinger
13%
Austria, 2 Anton Pfeffer
13%
Colombia, 2(1) Arnoldo Iguaran
13%
Cameroon, 2 Benjamin Massing
13%
United States, 0(1) Brian Bliss
13%
United States, 3/1 Bruce Murray
13%
South Korea, 0(1) Cho Min?Kook
13%
Eire, 5 Chris Morris
13%
Costa Rica, 4 Claudio Jara
13%
Cameroon, 5 Cyrille Makanaky
13%
Romania, 0(2) Danut Lupu
13%
Scotland, 3 Dave McPherson
13%
United States, 3 Desmond Armstrong
13%
Austria, 3 Ernst Aigner
13%
Uruguay, 4 Fernando Alvez
13%
Czechoslovakia, 3 Frantisek Straka
13%
Argentina, 2(3) Gabriel Calderon
13%
Austria, 0(1) Gerald Glatzmayer
13%
Netherlands, 1 Gerald Vanenburg
13%
Sweden, 2 Glenn Hysen
13%
Scotland, 1 Gordon Durie
13%
Egypt, 2 Hany Ramzy
13%
Netherlands, 0(1) Henk Fräser
13%
Costa Rica, 0(3)/1 Hernan Medford
13%
Egypt, 3 Ibrahim Hassan
13%
Czechoslovakia, 5/1 Ivan Hasek
13%
Czechoslovakia, 4 Jan Kocian
13%
Cameroon, 1(2) Jean?Claude Pagal
13%
Sweden, 3 Joakim Nilsson
13%
United States, 3 John Harkes
13%
Eire, 0(1) John Sheridan
13%
Argentina, 7 Jose Basualdo
13%
Brazil, 2 Jose Carlos Nepomuceno MOZER
13%
Czechoslovakia, 5 Josef Chovanec
13%
Colombia, 4 Leonel Alvarez
13%
Czechoslovakia, 4/1 Lubos Kubik
13%
Austria, 2(1) Manfred Zsak
13%
Costa Rica, 4 Mauricio Montero
13%
Austria, 2(1) Michael Streiter
13%
Czechoslovakia, 5/2 Michal Bilek
13%
Czechoslovakia, 0(1)/1 Milan Luhovy
13%
England, 0(1) Neil Webb
13%
Uruguay, 4 Nelson Gutierrez
13%
Costa Rica, 4 Oscar Ramirez
13%
Argentina, 3(1)/1 Pedro Monzon
13%
Argentina, 4(2)/1 Pedro Troglio
13%
Austria, 2 Peter Artner
13%
Brazil, 0(1) RENATO Portaluppi "GAUCHO"
13%
Brazil, 2 RICARDO Roberto Barreto da ROCHA
13%
Italy, 6(1) Riccardo Ferri
13%
Netherlands, 3(1) Richard Witschge
13%
Yugoslavia, 0(1) Robert Jarni
13%
Austria, 3 Robert Pecl
13%
Sweden, 1 Roger Ljung
13%
Sweden, 3 Roland Nilsson
13%
Costa Rica, 4/1 Ronald Gonzalez
13%
Soviet Union, 3 Sergey Aleinikov
13%
Romania, 4 Silviu Lung
13%
Yugoslavia, 3 Srecko Katanec
13%
Czechoslovakia, 0(2) Stanislav Griga
13%
Scotland, 1(1) Stewart McKimmie
13%
Yugoslavia, 5 Tomislav Ivkovic
13%
United States, 3 Tony Meola
13%
Brazil, 4 VALDO Candido de Oliveira Filho
13%
Soviet Union, 2 Vladimir Bessonov
13%
United Arab Emirates, 0(2) ABDULLAH Ali SULTAN Ahmed
0%
United Arab Emirates, 3 ABDULRAHMAN MOHAMED Abdullah
0%
United Arab Emirates, 1(1) ABDULRAHMAN Mohammed AL?HADDAD
0%
Egypt, 0(2) Adel Abdelrahman
0%
United Arab Emirates, 3 ADNAN Khamees AL?TALYANI
0%
Egypt, 3 Ahmed El?Kass
0%
Eire, 0(2) Alan McLoughlin
0%
Spain, 3(1)/1 Alberto GORRIZ
0%
Soviet Union, 0(1) Aleksandr Borodyuk
0%
Soviet Union, 2 Aleksandr Uvarov
0%
Costa Rica, 0(3) Alexandre Guimaraes
0%
Uruguay, 4 Alfonso Dominguez
0%
Austria, 1(1) Alfred Hörtnagl
0%
United Arab Emirates, 3/1 ALI THANI JUMA'A Al?Ehawi
0%
Sweden, 2 Anders Limpar
0%
Soviet Union, 2/1 Andrey Zygmantovich
0%
Uruguay, 2(1) Antonio Alzamendi
0%
Colombia, 2(1)/2 Bernardo Redin
0%
Cameroon, 5 Bertin Ebwelle
0%
Cameroon, 0(1) Bonaventure Djonkep
0%
Belgium, 3 Bruno Versavel
0%
South Korea, 2 Byun Byung?Joo
0%
Uruguay, 1(3) Carlos Aguilera
0%
Colombia, 2(2) Carlos Estrada
0%
South Korea, 3 Choi In?Yung
0%
South Korea, 3 Choi Kang?Hee
0%
South Korea, 3 Choi Soon?Ho
0%
United States, 0(2) Chris Sullivan
0%
South Korea, 1(1) Chung Hae?Won
0%
South Korea, 1(1) Chung Jong?Soo
0%
South Korea, 1 Chung Yong?Hwan
0%
Scotland, 1 Craig Levein
0%
Romania, 2(1) Daniel Timofte
0%
Yugoslavia, 5/2 Davor Jozic
0%
Romania, 0(1) Dorin Mateut
0%
Yugoslavia, 4(1) Dragoljub Brnovic
0%
Cameroon, 4 Emile M'Bouh
0%
Cameroon, 3 Emmanuel Maboang
0%
United Arab Emirates, 1(1) FAHAD KHAMEES Mubarak
0%
Yugoslavia, 5 Faruk Hadzibegic
0%
Spain, 4 Francisco VILLAROYA
0%
Costa Rica, 3 Gabelo Conejo
0%
Uruguay, 0(1) Gabriel Correa
0%
Egypt, 2(1) Gamal Abdelhamid
0%
Romania, 2(2)/2 Gavril Balint
0%
Spain, 4 Genar ANDRINUA
0%
Soviet Union, 2(1) Gennadiy Litovchenko
0%
Belgium, 2 Georges Grün
0%
Costa Rica, 4 German Chavarria
0%
Sweden, 1(2)/1 Glenn Strömberg
0%
Netherlands, 1 Graeme Rutjes
0%
United Arab Emirates, 0(1) HASSAN MOHAMED Hussain Al?Shaibani
0%
Costa Rica, 4 Hector Marchena
0%
Costa Rica, 1 Hermidio Barrantes
0%
Egypt, 3 Hesham Yakan
0%
United Arab Emirates, 3 HUSSAIN GHULOUM Abbas Ali
0%
South Korea, 2/1 Hwang Bo?Kwan
0%
South Korea, 1(1) Hwang Sun?Hong
0%
Soviet Union, 3/1 Igor Dobrovolskiy
0%
Soviet Union, 2 Igor Shalimov
0%
Romania, 4 Ioan Andone
0%
Romania, 4 Ioan Sabau
0%
Romania, 4 Iosif Rotariu
0%
Egypt, 3 Ismail Youssef
0%
Soviet Union, 0(2) Ivan Yaremchuk
0%
Czechoslovakia, 5 Ivo Knoflicek
0%
Scotland, 1 Jim Bett
0%
United States, 2 Jimmy Banks
0%
United States, 2 John Doyle
0%
United States, 1(1) John Stollmeyer
0%
Netherlands, 0(1) John van Loen
0%
Costa Rica, 4 Jose Carlos Chavez
0%
Uruguay, 3 Jose Herrera
0%
Uruguay, 4 Jose Perdomo
0%
Uruguay, 1 Jose Pintos Saldanha
0%
Argentina, 5 Jose Serrizuela
0%
Argentina, 7 Juan Simon
0%
Cameroon, 3 Jules Onana
0%
Czechoslovakia, 0(2) Julius Bielik
0%
United Arab Emirates, 2/1 KHALID ISMAÏL Mubarak
0%
United Arab Emirates, 3 KHALIL GHANIM Mubarak
0%
Sweden, 0(1) Leif Engqvist
0%
Belgium, 1 Lorenzo Staelens
0%
Cameroon, 5 Louis?Paul M'Fede
0%
Czechoslovakia, 5 Lubomir Moravcik
0%
Italy, 4(2) Luigi De Agostini
0%
Colombia, 2 Luis Alfonso Fajardo
0%
Colombia, 4 Luis Herrera
0%
Colombia, 4 Luis Perea
0%
Egypt, 3/1 Magdi Abdelghani
0%
Egypt, 1(1) Magdi Tolba
0%
Austria, 1 Manfred Linzmaier
0%
Spain, 1(1) Manuel JIMENEZ
0%
Spain, 1 Manuel Sanchez "MANOLO"
0%
Belgium, 2(1) Marce Emmers
0%
United States, 2(1) Marcelo Balboa
0%
Costa Rica, 1 Marvin Obando
0%
Sweden, 0(1) Mats Gren
0%
Sweden, 1 Mats Magnusson
0%
Scotland, 3 Maurice Malpas
0%
Brazil, 4 MAURO Geraldo GALVAO
0%
Romania, 4 Michael Klein
0%
Belgium, 4/1 Michel De Wolf
0%
Spain, 0(1) Miguel PARDEZA
0%
Spain, 4 Miguel Porlan "CHENDO"
0%
United States, 3 Mike Windischmann
0%
Romania, 4 Mircea Rednic
0%
Yugoslavia, 1 Mirsad Baljic
0%
United Arab Emirates, 3 MUHSIN MUSABAH Faraj Fairouz
0%
Scotland, 2 Murdo MacLeod
0%
United Arab Emirates, 3 Nair IBRAHIM MEER Abdulrahman
0%
United Arab Emirates, 3 NASIR KHAMEES Mubarak
0%
Argentina, 1 Nestor Fabbri
0%
Argentina, 2(1) Nestor Lorenzo
0%
South Korea, 1(1) Noh Soo?Jin
0%
United Arab Emirates, 3 Nour EISSA MEER Abdulrahman
0%
Soviet Union, 3 Oleg Kuznetsov
0%
Egypt, 1 Osama Orabi
0%
Uruguay, 0(1)/1 Pablo Bengoechea
0%
Belgium, 0(1) Pascal Plovie
0%
Belgium, 1(2)/1 Patrick Vervoort
0%
Brazil, 0(3) Paulo SILAS do Prado Pereira
0%
Austria, 2 Peter Schöttel
0%
United States, 3 Peter Vermes
0%
Yugoslavia, 5 Predrag Spasic
0%
Egypt, 3 Rabie Yassin
0%
Spain, 0(1) Rafael ALKORTA
0%
Spain, 0(2) Rafael "RAFA" PAZ
0%
Yugoslavia, 4 Refik Sabanadzovic
0%
Costa Rica, 4/1 Roger Flores
0%
Costa Rica, 0(1) Roy Myers
0%
Uruguay, 3 Ruben Paz
0%
Uruguay, 2 Ruben Pereira
0%
Uruguay, 3(1) Ruben Sosa
0%
Yugoslavia, 5/1 Safet Susic
0%
Uruguay, 3 Santiago Ostolaza
0%
Soviet Union, 3 Sergey Gorlukovich
0%
Sweden, 2(1) Stefan Pettersson
0%
Sweden, 3 Stefan Schwarz
0%
Belgium, 4 Stephane Demol
0%
Cameroon, 5 Stephen Tataw
0%
United States, 1 Steve Trittschuh
0%
United States, 3 Tab Ramos
0%
Egypt, 0(1) Taher Abouzeid
0%
Egypt, 0(1) Tarek Soliman
0%
Cameroon, 1(1) Thomas Libiih
0%
Czechoslovakia, 2(1) Vaclav Nemecek
0%
Soviet Union, 3 Vagiz Khidiyatullin
0%
Soviet Union, 1 Vasiliy Rats
0%
Cameroon, 4 Victor N'Dip
0%
Czechoslovakia, 1 Vladimir Kinier
0%
Soviet Union, 0(1) Vladimir Lyutiy
0%
Czechoslovakia, 1(2) Vladimir Weiss
0%
Yugoslavia, 2 Vujadin Stanojkovic
0%
South Korea, 2 Yoon Deok?Yeo
0%
United Arab Emirates, 2 YOUSUF HUSSAIN Mohamed
0%
Yugoslavia, 5 Zlatko Vujovic
0%
Yugoslavia, 2(2) Zoran Vulic
0%
United Arab Emirates, 0(1) ZUHAIR Saeed BAKHEET?Bilal
0%
No matching quizzes found
Score Distribution
Percent of People with Each Score
Percentile by Number Answered
Your Score History
You have not taken this quiz